Conectando con mi P.C.: crónica de 74 años de la historia de Chile 1900-1973
Saved in:
| Hovedforfatter: | |
|---|---|
| Format: | Bog |
| Sprog: | spansk |
| Udgivet: |
Santiago, Chile
Mar del Plata
1999
|
| Fag: | |
| Tags: |
Tilføj Tag
Ingen Tags, Vær først til at tagge denne postø!
|
MARC
| LEADER | 00000cam a2200000 a 4500 | ||
|---|---|---|---|
| 001 | UCD0222 | ||
| 003 | CL-VaPUC | ||
| 005 | 20220112102414.0 | ||
| 008 | 151120e19990000cl |||||||||||||||||spa|d | ||
| 999 | |c 361820 |d 361818 | ||
| 020 | |a 956288421K | ||
| 040 | |c Pontificia Universidad Católica de Valparaíso | ||
| 082 | 0 | 4 | |a 983.064 STA 1999 |2 21 |
| 100 | 0 | |a Stanley Thompson, Robert |e author |9 583239 | |
| 245 | 1 | 0 | |a Conectando con mi P.C.: |b crónica de 74 años de la historia de Chile 1900-1973 |
| 260 | |a Santiago, Chile |b Mar del Plata |c 1999 | ||
| 300 | |a 435 páginas | ||
| 583 | |a last modification |c 20151120 13:39:00 |k Rodrigo Vera | ||
| 650 | 0 | |a Historia de Chile siglo 20 |y SIGLO 20 |9 268145 | |
| 650 | 0 | |a Presidentes chilenos |z CHILE |9 458179 | |
| 852 | |a BIBCUR | ||
| 942 | |c BK |2 ddc | ||
| 945 | |d 20151120 13:39:00 |a arojas | ||
| 952 | |0 0 |1 0 |2 ddc |3 erb |4 0 |6 983_064000000000000_STA_1999 |7 0 |8 A |9 472534 |a BIBHIS |b BIBHIS |i 5212634 |o 983.064 STA 1999 |p 5212634 |r 2025-01-20 |t 1 |w 2019-11-24 |y BK |z Catalogado en:20151120 |k HIS | ||